000 00777aam a2200289 i 4500
001 76714001
003 CO-MdFUSB
005 20251002175717.0
007 ta
008 251002t2001 es ||||| |||| 00| 0 spa d
020 _a84-8267-247-9
040 _aCO-MdFUSB
_bspa
_cCO-MdFUSB
_dCO-MdFUSB
_erda
041 0 _aspa
082 0 4 _223
_a 251
_bR3119p
100 1 _aRecuero, J.M.
_eautor
245 1 0 _aLlamados a predicar
_c/ J. M. Recuero
264 1 _bClie,
_aTerrassa, Barcelona, España :
_c[2001]
264 4 _c©2001
300 _a237 páginas
336 _atexto
_btxt
_2rdacontent
337 _2rdamedia
_asin mediación
_bn
338 _2rdacarrier
_avolumen
_bnc
563 _aRústico
650 0 _aPredicación
_954
942 _cBK
945 _aElías Tolentino
999 _c36397
_d36397